| 000 | 01305 a2200253 4500 | ||
|---|---|---|---|
| 003 | Nust | ||
| 005 | 20230314073141.0 | ||
| 010 | _a 97020878 | ||
| 020 | _a0471170968 (cloth : alk. paper) | ||
| 040 | _cNust | ||
| 082 | 0 | 0 | _a621.3813,POZ |
| 100 | 1 |
_aPozar, David M. _928227 |
|
| 245 | 1 | 0 |
_aMicrowave engineering / _cDavid M. Pozar. |
| 250 | _a3rd ed. | ||
| 260 |
_aNew York : _bWiley, _c[1997], c1998. |
||
| 300 |
_axvi, 732p. : _bill. ; _c25 cm. |
||
| 505 | _aElectromagnetic Theory (Page-1),Transmission Line Theory (Page-49),Transmission Lines and Waveguides (Page-91), Microwave Network Analysis (Page-161), Impedance Matching and Tuning (Page-222), Microwave Resonators (Page-266), Power Dividers and Directional Couplers (Page-308), Microwave Filters (Page-370), Theory and Design of Ferrimagnetic Components (Page-441), Active Microwave Circuits (Page-486), Design of Microwave Amplifiers and Oscillators (Page-577), Introduction to Microwave Systems (Page-633). | ||
| 650 | 0 | _aMicrowave circuits. | |
| 650 | 0 |
_aMicrowave devices. _928228 |
|
| 650 | 0 | _aTelecommunication Engineering | |
| 856 | 4 | 2 |
_3Publisher description _uhttp://www.loc.gov/catdir/description/wiley033/97020878.html |
| 856 | 4 | 2 |
_3Table of Contents _uhttp://www.loc.gov/catdir/toc/onix04/97020878.html |
| 942 |
_2ddc _cBK |
||
| 999 |
_c194739 _d194739 |
||